India 2024: (Record no. 201800)
[ view plain ]
| 000 -LEADER | |
|---|---|
| fixed length control field | 00875nam a2200229 4500 |
| 003 - CONTROL NUMBER IDENTIFIER | |
| control field | dpl |
| 005 - DATE AND TIME OF LATEST TRANSACTION | |
| control field | 20240327114746.0 |
| 008 - FIXED-LENGTH DATA ELEMENTS--GENERAL INFORMATION | |
| fixed length control field | 240327b |||||||| |||| 00| 0 eng d |
| 010 ## - LIBRARY OF CONGRESS CONTROL NUMBER | |
| LC control number | ENG-139946 |
| 020 ## - INTERNATIONAL STANDARD BOOK NUMBER | |
| International Standard Book Number | 9788119936977 |
| Terms of availability | 385.00 |
| 022 ## - INTERNATIONAL STANDARD SERIAL NUMBER | |
| Source | DBAD |
| 040 ## - CATALOGING SOURCE | |
| Transcribing agency | 0 |
| 082 ## - DEWEY DECIMAL CLASSIFICATION NUMBER | |
| Classification number | 954 |
| Edition number | 2024 |
| 245 ## - TITLE STATEMENT | |
| Title | India 2024: |
| Remainder of title | A Referemce Annual/ |
| Statement of responsibility, etc | Iy India. Ministry of Information and Broadcasting. Publications Division. |
| 260 ## - PUBLICATION, DISTRIBUTION, ETC. (IMPRINT) | |
| Place of publication, distribution, etc | Delhi |
| Name of publisher, distributor, etc | Publications Division, Ministry of Information and Broadcasting, Govt. of India |
| Date of publication, distribution, etc | 2024 |
| 270 ## - ADDRESS | |
| Address | Publications Division, Ministry of Information and Broadcasting, Govt. of India |
| City | Delhi |
| 300 ## - PHYSICAL DESCRIPTION | |
| Extent | 829p : |
| Other physical details | ill ; |
| Dimensions | 24cm(pb) |
| 650 ## - SUBJECT ADDED ENTRY--TOPICAL TERM | |
| Topical term or geographic name as entry element | Presidents -- India. |
| 9 (RLIN) | 63975 |
| 650 ## - SUBJECT ADDED ENTRY--TOPICAL TERM | |
| Topical term or geographic name as entry element | Speeches, addresses, etc. |
| 9 (RLIN) | 63976 |
| 650 ## - SUBJECT ADDED ENTRY--TOPICAL TERM | |
| Topical term or geographic name as entry element | India -- Politics and government -- 1947- |
| 9 (RLIN) | 63977 |
| 942 ## - ADDED ENTRY ELEMENTS (KOHA) | |
| Source of classification or shelving scheme | Dewey Decimal Classification |
| Koha item type | English Books |
| Classification part | 954 |
| Call number suffix | IND |
| Withdrawn status | Lost status | Source of classification or shelving scheme | Damaged status | Not for loan | Collection code | Home library | Current library | Date acquired | Source of acquisition | Cost, normal purchase price | Total Checkouts | Full call number | Barcode | Date last seen | Copy number | Cost, replacement price | Price effective from | Koha item type |
|---|---|---|---|---|---|---|---|---|---|---|---|---|---|---|---|---|---|---|
| Dewey Decimal Classification | Not For Loan | Reference | Ashok Vihar | Ashok Vihar | 27/03/2024 | DBAD | 385.00 | 954 IND | EN-123478 | 27/03/2024 | 1 | 385.00 | 27/03/2024 | English Books |
